000 00709nam a22002055i 4500
001 163272
003 ES-MaACL
005 20250703063120.0
008 050714m1887 fr |||| | fre d
040 _aCAM
_bspa
_cCAM
100 1 _aRenan, Ernest,
_d1823-1892
_996168
245 1 0 _aHistoire du peuple d'Israel /
_cpar Ernest Renan.
250 _a3e éd.
260 _aParis :
_bCalmann Lévy, Ancienne Maison Michel Lévy Frères,
_c1887 (
_eBourloton :
_fImprimeries réunies)
300 _av. ;
_c22 cm.
597 _aT. I, 1887 (XXIX, 455 p.)
651 4 _aIsrael-
_xHistoria.
_98858
852 _aES-MaACL
_jF-11104
_z-- Enc. pasta española
_q-- Sólo el t. I
999 _c163272
_d163272